[Event "Tashkent m"]
[Site "Tashkent"]
[Date "2011.03.27"]
[Round "2"]
[White "Kasimdzhanov, Rustam"]
[Black "Anand, Viswanathan"]
[Result "0-1"]
[WhiteElo "2687"]
[BlackElo "2817"]
[Annotator "Estremera,S/Mellado,J"]
[PlyCount "106"]
[EventDate "2011.03.27"]
[EventType "match (rapid)"]
[EventRounds "4"]
[EventCountry "UZB"]
[SourceTitle "CBM 141 Extra"]
[Source "ChessBase"]
[SourceDate "2011.05.03"]
[SourceVersion "1"]
[SourceVersionDate "2011.05.03"]
[SourceQuality "1"]

1. d4 Nf6 2. c4 e6 3. g3 d5 4. Bg2 Bb4+ {The Catalan structure was Anand's
main weapon in his world championship match vs Topalov.} 5. Bd2 Bxd2+ 6. Nxd2
O-O 7. Ngf3 b6 8. O-O Bb7 9. Ne5 Qe7 {The wait-and-see move. The other option
to solve opening problems was} (9... Nbd7 10. Nd3 c5) 10. Rc1 Rd8 11. Qa4 Na6 {
The Black runs out of natural developing moves, so Anand had to develop his
Knight to a6.} 12. c5 {A very strong decision posing serious troubles for
Black. White gains space on the queenside, and takes advantage of bad
positions of black B and N.} bxc5 13. dxc5 c6 {Practically the only way to
stabilize the position. The following line would lose immediately:} (13... Nxc5
14. Qb4 Qd6 15. Rxc5) 14. Nb3 Qc7 15. f4 Nb8 {Black tries to relocate his
Knight to a better position.} 16. Qa5 Rc8 17. Rfd1 Nbd7 18. Nxd7 Qxd7 19. e4
Qe7 20. e5 Nd7 21. Nd4 {White has achieved a total domination with a
strategically winning position. Black can only hope for some counterplay on
the kingside.} Kh8 {Preparing to open up the g-file.} 22. Re1 {A strong move
reinforcing the e5 square and countering Black's idea to open the g-file.} g5
23. f5 g4 24. f6 Qf8 {The position looks hopeless for Black, but there is no
immediate win in view for White. This is why White starts to gradually
strengthen his position.} 25. Re3 a6 26. Bf1 Qd8 27. Qxd8+ {Besides the Queen
exchange, White had two interesting alternatives: 1) to try to keep the Queens
on the board in order to attack on the kingside; and 2) to move his Knight to
a5, where it would put some serious pressure on Black's queenside, as well as
block the a-pawn. For example:} (27. Qc3 Qc7 28. Rce1 a5 29. Bd3 Rg8 30. Bb1
Rg5 31. Qc2 Rh5 32. Ne2) (27. Nb3) 27... Rxd8 28. b4 a5 {Now or never! Black's
passive maneuvering would have allowed White to strengthen his position to a
maximum, and then make the decisive b4-b5 move. For example:} (28... Rg8 29.
Nb3 Rg5 30. Rce1 Rb8 31. Na5 h5 32. Bd3 Nf8 33. R1e2 {White's plan is to
centralize his King to d4, freeing the Rook from defending e5, and prepare
b4-b5.}) 29. b5 Rdc8 30. a4 cxb5 31. c6 Bxc6 32. Rxc6 Rxc6 33. Nxc6 bxa4 {
Black's position is lost, but White has some technical issues to solve,
alongside his severe time trouble.} 34. Bb5 Nb6 35. Ra3 Rc8 36. Kf2 h5 37. Ke2
Kh7 38. Bd3+ {With this move, White loses advantage. The direct} (38. Kd3 {
wouldn't work because of the strong} Nc4 39. Ra2 Rxc6 40. Bxc6 Nxe5+ {and
tables turn.}) ({Only the subtle preventive Rook move would have kept the
decisive advantage for White:} 38. Ra2 {With the King then marching to c5.})
38... Kh6 39. Nxa5 Nd7 40. Rxa4 Nxe5 {Now tables have turned, White has to
suffer a long passive defence without even a guaranteed draw. Considering the
time control, this mission can be called impossible.} 41. Nb7 Kg5 42. Nd6 Rd8
43. Nb7 Rb8 44. Ra7 Kxf6 45. Ke3 Rc8 46. Ra3 Rc1 {Now the black Rook intrudes
into White's back rank, posing real threats.} 47. Nd6 Re1+ 48. Be2 Rh1 49. Ne8+
Ke7 50. Bb5 Nc4+ 51. Bxc4 dxc4 52. Ng7 (52. Nc7 {would have kept some hope for
White. Now the Knight is trapped.}) 52... Rxh2 53. Ra7+ Kf8 {A painful loss,
after which Vishy Anand fully seized the initiative in the match.} 0-1

[Event "Tashkent m"]
[Site "Tashkent"]
[Date "2011.03.27"]
[Round "3"]
[White "Anand, Viswanathan"]
[Black "Kasimdzhanov, Rustam"]
[Result "1-0"]
[WhiteElo "2817"]
[BlackElo "2687"]
[Annotator "Estremera,S/Mellado,J"]
[PlyCount "49"]
[EventDate "2011.03.27"]
[EventType "match (rapid)"]
[EventRounds "4"]
[EventCountry "UZB"]
[SourceTitle "CBM 141 Extra"]
[Source "ChessBase"]
[SourceDate "2011.05.03"]
[SourceVersion "1"]
[SourceVersionDate "2011.05.03"]
[SourceQuality "1"]

1. e4 e5 2. Nf3 Nf6 3. Nxe5 d6 4. Nf3 Nxe4 5. Nc3 Nxc3 6. dxc3 Be7 7. Be3 Nc6
8. Qd2 O-O 9. O-O-O Ne5 10. Kb1 {This is a position from Rustam's recent game
in Aeroflot Open. His opponent wasn't familiar with the theoretical subtleties
of this variation.} (10. Nd4 $6 c5 11. Nf3 Be6 12. a3 Ng4 13. Bf4 d5 14. h4 Bd6
15. Ng5 Bxf4 16. Qxf4 Nf6 17. c4 Qb8 18. Qd2 dxc4 19. Nxe6 fxe6 20. Qe3 Kh8 {
and Black seized the initiative, and had a stable advantage, although the game
subsequently ended in a draw. 1/2 Ivan Salgado Lopez (2626)-Rustam
Kasimdzhanov (2681)/Moscow RUS 2011 (34)}) 10... c6 11. Be2 Ng4 12. Bd3 d5 {
A more reliable continuation was the immediate exchange on e3:} (12... Nxe3 13.
Qxe3 Bf6) 13. Bf4 Bd6 14. h3 {Not an obvious, but a very strong response. Now
Black has to choose between the calm Nf6, admitting that 12...d5 was not
correct, and the sharp} Bxf4 {After a long thought, Black goes for the most
principal decision, because after 14...Nf6 White would be able to just develop
a kingside attack.} 15. Bxh7+ Kh8 16. Qxf4 Nxf2 17. Ng5 f6 {A decisive mistake.
} (17... Qf6 {would have kept a playable position} 18. Qh4 Qh6 19. Qxf2 Qxg5
20. Bd3 {although White's advantage is obvious due to a comfortable play on
the kingside.}) 18. Nf7+ {A brilliant move, which Vishy executed in seconds.
Now White has a forced win.} Rxf7 19. Bg6 Nxd1 20. Qh4+ Kg8 21. Re1 {Occupying
the e-file, which Black is unable to block without serious material loss.}
Nxc3+ 22. bxc3 Be6 23. Rxe6 Qb6+ 24. Kc1 Qg1+ 25. Re1 1-0

[Event "Tashkent m"]
[Site "Tashkent"]
[Date "2011.03.27"]
[Round "4"]
[White "Kasimdzhanov, Rustam"]
[Black "Anand, Viswanathan"]
[Result "0-1"]
[WhiteElo "2687"]
[BlackElo "2817"]
[Annotator "Estremera,S/Mellado,J"]
[PlyCount "62"]
[EventDate "2011.03.27"]
[EventType "match (rapid)"]
[EventRounds "4"]
[EventCountry "UZB"]
[SourceTitle "CBM 141 Extra"]
[Source "ChessBase"]
[SourceDate "2011.05.03"]
[SourceVersion "1"]
[SourceVersionDate "2011.05.03"]
[SourceQuality "1"]

1. d4 Nf6 2. c4 e6 3. g3 Bb4+ 4. Bd2 Qe7 5. Bg2 Nc6 6. e3 {An interesting
opening idea.} (6. Nf3 {leads to a well-studied position, in which Black's
plan is the exchange of black-squared Bishop and then d6 followed by e5. Now
this plan doesn't work because White has time for e4 and f4.}) 6... O-O 7. Ne2
d5 8. cxd5 {I don't particularly like this decision, because it opens the
diagonal for Bishop on c8, as well as gives up the pressure in the centre. An
interesting alternative was} (8. a3 Bxd2+ 9. Nxd2 {keeping positional pressure.
}) 8... exd5 9. Nbc3 {I think} (9. O-O {was more flexible. White maintains the
possibility to exchange the bad Bishop.}) 9... Rd8 10. O-O Bxc3 {A very
interesting decision: Black exchanges his black-squared Bishop, increasing
control over white squares.} 11. Nxc3 b6 {Frankly, I have no understanding of
the idea behind this move. That's why Vishy Anand is the World Champ, and
Anton Filippov is not.} 12. a3 Be6 13. Rc1 Na5 14. Nb5 Nc4 15. b3 Nxd2 16. Qxd2
c5 {Another alternative is} (16... Rdc8 17. Qb2 c6 18. Nc3 Bf5 {with a
comfortable play.}) 17. Qb2 {The active} (17. dxc5 bxc5 18. Qa5 {would have
posed some trouble for Black in view of the central pawns' vulnerability.})
17... Qd7 18. a4 a6 19. Na3 (19. Nc3 {was more natural. Apparently, Rustam's
decision came from the necessity to use this final chance to fight for a win.})
19... Rac8 20. Rfd1 Bh3 {Now White's position suffers from the fact that
almost all white pieces are on the queenside.} 21. Bh1 Qf5 22. dxc5 bxc5 23. b4
cxb4 24. Qxb4 h6 25. Qb6 {After opening up the position, the bad location of
the N on a3 is even more apparent. That's why White should have continued} (25.
Nb1) 25... Ne4 26. f3 {Perhaps more preferable for White was} (26. Qb2 {
without weakening the King's position.}) 26... Nf6 {Anand misses the forced} (
26... Nd2 27. Rxc8 Rxc8 28. Rxd2 Rc1+ 29. Kf2 Rf1+ 30. Ke2 Rxh1 31. Qd8+ Kh7
32. Qxd5 Rxh2+ 33. Ke1 Rh1+ 34. Kf2 Rf1+ 35. Ke2 Rxf3 {winning.}) 27. Qxa6 Rxc1
28. Rxc1 d4 {White is in big trouble, and has to find very precise moves to
save the game, which is still possible.} 29. Qb6 Rc8 30. Re1 {The decisive
mistake. The totally inhuman [considering the time trouble]} (30. Ra1 {or the
more human}) (30. Qb2 dxe3 31. Bg2 Rxc1+ 32. Qxc1 Bxg2 33. Kxg2 e2 34. Kf2 Qh3
{would have kept a glimmer of hope for White.}) 30... Qd3 31. Nb1 {and now
Black wins the game in a style:} Rc1 $1 {with forced mate in 5.} 0-1

[Event "Tashkent sim"]
[Site "Tashkent"]
[Date "2011.03.28"]
[Round "?"]
[White "Anand, Viswanathan"]
[Black "Igonin, Temur"]
[Result "0-1"]
[WhiteElo "2817"]
[BlackElo "1901"]
[PlyCount "52"]
[EventDate "2011.03.28"]
[EventType "simul"]
[EventCountry "UZB"]
[SourceTitle "EXT 2018"]
[Source "ChessBase"]
[SourceDate "2017.10.13"]
[SourceVersion "1"]
[SourceVersionDate "2017.10.13"]
[SourceQuality "1"]

1. c4 e5 2. Nc3 Nc6 3. g3 g6 4. Bg2 Bg7 5. Nf3 Nge7 6. O-O O-O 7. d3 d6 8. Rb1
f5 9. Bd2 h6 10. b4 g5 11. b5 Nd4 12. Nxd4 exd4 13. Nd5 Nxd5 14. Bxd5+ Kh8 15.
a4 $146 ({RR} 15. f4 g4 16. e3 dxe3 17. Bxe3 a6 18. Re1 axb5 19. cxb5 c6 20.
bxc6 bxc6 21. Bxc6 Rxa2 22. Bd5 Ra6 23. Rb8 Qc7 24. Qb3 Ra3 25. Rxc8 Rxb3 26.
Rxc7 Rxd3 27. Bf7 Rxe3 28. Rxe3 Bd4 29. Kf2 Rb8 {Klinger,S (2186)-Riedel,W 
(2227)/Bayern 2006/EXT 2007/1-0 (39)}) 15... f4 16. a5 Rb8 17. Qc2 Bh3 18. Rfc1
fxg3 19. hxg3 Qf6 20. Be1 h5 21. c5 h4 22. cxd6 hxg3 23. f3 Qxd6 24. Be4 Qf4
25. Bd2 Qh4 26. e3 Bg2 0-1

[Event "Tashkent sim"]
[Site "Tashkent"]
[Date "2011.03.28"]
[Round "?"]
[White "Anand, Viswanathan"]
[Black "Tokhirjanova, Hulkar"]
[Result "0-1"]
[WhiteElo "2817"]
[BlackElo "2119"]
[PlyCount "68"]
[EventDate "2011.03.28"]
[EventType "simul"]
[EventCountry "UZB"]
[SourceTitle "EXT 2018"]
[Source "ChessBase"]
[SourceDate "2017.10.13"]
[SourceVersion "1"]
[SourceVersionDate "2017.10.13"]
[SourceQuality "1"]

1. c4 e5 2. Nc3 Nc6 3. g3 g6 4. Bg2 Bg7 5. Nf3 f5 6. d3 Nf6 7. O-O O-O 8. Rb1
d6 9. b4 Be6 10. b5 Ne7 11. a4 b6 12. Ng5 Bd7 13. Ba3 Rc8 14. Bb4 h6 15. Nf3
Kh7 16. a5 Be6 17. axb6 axb6 18. Nd2 Qd7 19. Ra1 f4 20. Ra7 Bh3 21. Nde4 Bxg2
22. Kxg2 Qe6 23. Nxf6+ Rxf6 24. Ne4 Rf7 25. Qd2 Nf5 26. Rfa1 Nd4 27. Bxd6 cxd6
28. Rxf7 Qxf7 29. Nxd6 f3+ 30. Kh1 Qd7 31. Nxc8 Qh3 32. Rg1 Nxe2 33. Qe1 Nxg1
34. Qxg1 Qxc8 0-1

[Event "Leon Masters 24th"]
[Site "Leon"]
[Date "2011.06.03"]
[Round "2"]
[White "Anand, Viswanathan"]
[Black "Shirov, Alexei"]
[Result "1-0"]
[WhiteElo "2817"]
[BlackElo "2709"]
[Annotator "Moradiabadi,E"]
[PlyCount "67"]
[EventDate "2011.06.03"]
[EventType "match (rapid)"]
[EventRounds "6"]
[EventCountry "ESP"]
[SourceTitle "CBM 142 Extra"]
[Source "ChessBase"]
[SourceDate "2011.06.27"]
[SourceVersion "1"]
[SourceVersionDate "2011.06.27"]
[SourceQuality "1"]

1. d4 d5 2. c4 c6 3. Nf3 Nf6 4. Nc3 e6 5. Bg5 {[#]A good sign! All the chess
fans are tired of the boring chess in Kazan and this choice of opening in this
Rapid match is the least they could expect!} h6 {Shirov deviates from his
"pet" line. He is addicted to the "Botvinnik system"!} 6. Bh4 dxc4 7. e4 g5 {
This is the "tabiya" position of the Moscow variation.} 8. Bg3 b5 9. Be2 Bb7
10. Qc2 $5 {[#]An odd choice by Anand. The following moves are considered as
the main line. Anand's main plan is to opt for an early d5 breakthrough by
means of Rd1. However, one should not forget that Anand had chosen this
against Kramnik in his WCh match in 2008!} (10. h4) (10. Ne5) (10. O-O) 10...
Nbd7 11. Rd1 Nh5 $5 $146 (11... Bb4 {Is what everyone consider as "theory" in
this position.} 12. Ne5 {is the line Anand tried against Kramnik, which only
brought him an ending a pawn down, which he then managed to save successfully.}
(12. O-O $5 {transposes to one of the most fashionable lines in this system.})
(12. h4 g4 13. Ne5 Rg8 {1/2-1/2 Feller,S (2649)-Spiess,G (2429)/Germany 2010/
CB00_2011 (54) is one of the many other options in this line which has already
been examined in practice.}) 12... Qe7 13. O-O Nxe5 14. Bxe5 O-O 15. Bxf6 Qxf6
16. f4 Qg7 17. e5 c5 $1 {1/2-1/2 Anand,V (2783)-Kramnik,V (2772)/Bonn 2008/CBM
127 (45)}) 12. d5 {Anand goes after his plan.} Nxg3 (12... cxd5 13. exd5 exd5
14. Nxd5 Nxg3 15. hxg3 Bg7 16. Ne3 Qc7 17. Nf5 Kf8 {could be another
alternative. White's compensation for the "gambit" pawn is indisputable. The
position is rich in tactics and attack and counter-attacks. I believe that in
order to play this position with Black, one has to have deep analyses.}) 13.
hxg3 {[#]} Qb6 $4 {I do not understand what is going on! I cannot believe my
eyes. Shirov's plan reminds me of the Botivinnik system but this is the Moscow
Variation isn't it?!} (13... exd5 14. exd5 cxd5 (14... Bb4 $2 15. dxc6 Bxc6 16.
O-O {is just bad for Black. White has serious threats and Black cannot handle
them all.The position is almost winning for White. This becomes one of many
positions in the Moscow variation that shows just how fast Black can lose.})
15. Nxd5 Bg7 {transposes to what we have already seen.}) 14. dxe6 $1 fxe6 15.
Nxg5 {White is winning at this point.} Bc5 (15... O-O-O 16. Nxe6 $1 Bc5 17.
Nxd8 Bxf2+ 18. Kf1 Rxd8 (18... Bxg3 {also loses to} 19. Bg4 Rf8+ 20. Bf5) 19.
Rxd7 Rxd7 20. Bg4 {is winning for White.}) 16. Bh5+ Ke7 17. Nxe6 $1 Ne5 $1 {
Shirov tries to collect himself. He makes the most of his position.
Unfortunately for him, this is not enough against the world champion!} (17...
Nf6 18. Nf4 {loses on the spot.}) 18. Nxc5 (18. Ng7 {could have been another
way to triumph!}) 18... Qxc5 19. Be2 $6 {too timid. Silicon minds cry to bring
the knight to f4 and I believe they are right about it!} (19. Ne2 Rad8 (19...
Nd3+ $4 20. Rxd3) 20. Nf4 Rxd1+ 21. Bxd1 Qd4 22. Rh5 {White does not need to
castle!} Nd3+ 23. Nxd3 Qxe4+ 24. Qe2 Qxe2+ 25. Bxe2 cxd3 26. Bf3 $1 {[#]White
will collect the pawn on d3 after which Black's position will fall apart.})
19... Raf8 20. O-O Rhg8 21. b4 $5 (21. Qd2 Rxg3 22. Qxh6 Rfg8 23. Qh4+ R3g5 {
would have been another story, inspite of the fact that White is still much
better.}) 21... Qxb4 (21... cxb3 22. axb3 {and White's threat of Nd5 is
decisive.}) 22. Qd2 Qc5 23. Qxh6 Bc8 24. Qh4+ (24. Nd5+ cxd5 25. Rxd5 Qc7 26.
Qh4+ Kf7 27. Bh5+ Kg7 28. Qg5+ Kh7 29. Qxe5 Qxe5 30. Rxe5 {Does not seem
conclusive enough to me. Anand seeks a more convincing continuation.}) 24...
Ke6 (24... Kf7 25. Qh7+ Kf6 (25... Rg7 26. Bh5+ Kf6 27. Qh6+ Ng6 28. e5+ $1 {
freeing the e4 square for the knight.} Qxe5 29. Rfe1 {And Black's torture
would be over!}) 26. Nd5+ $1 {We will see this move over and over again! This
is the main outcome of Anand's 21.b4!?} cxd5 27. Rxd5 Qb6 28. Qh6+ Ng6 29. e5+
Kf7 30. Rd6 Qc7 31. Rf6+ {seals his fate.}) 25. Qh6+ (25. Nd5 $1 cxd5 26. Rxd5
Qb6 (26... Qc7 27. Rfd1 {is also winning.}) 27. Qh5 $1 {would have finished
things earlier.}) 25... Ke7 26. Qh5 Kf6 (26... Be6 27. Nd5+ cxd5 28. Qxe5 Qd6
29. Qc3 b4 30. Qe3 {could have been another way for Black to lose!}) 27. Qh4+ (
27. Nd5+ cxd5 28. Rxd5 {and White wins!}) 27... Ke6 28. Nd5 $1 {Finally! Anand
plays this move, now the curtains fall!} cxd5 29. Rxd5 Qb6 (29... Qc7 30. Rfd1
{would not change anything.}) 30. Qh5 Qb8 (30... Qc7 31. f4) 31. Rfd1 (31. f4)
31... Rf6 32. Rxe5+ $1 {A beautiful final blow!} Qxe5 33. Bg4+ Rxg4 34. Qe8# {
[#]A deserved final picture for an exciting battle. It is a pity that Shirov's
self-destructive blunder made this battle a "one-sided" affair!} 1-0

[Event "Leon Masters 24th"]
[Site "Leon"]
[Date "2011.06.04"]
[Round "3"]
[White "Shirov, Alexei"]
[Black "Anand, Viswanathan"]
[Result "0-1"]
[WhiteElo "2709"]
[BlackElo "2817"]
[Annotator "CB"]
[PlyCount "34"]
[EventDate "2011.06.03"]
[EventType "match (rapid)"]
[EventRounds "6"]
[EventCountry "ESP"]
[SourceTitle "CBM 142 Extra"]
[Source "ChessBase"]
[SourceDate "2011.06.27"]
[SourceVersion "1"]
[SourceVersionDate "2011.06.27"]
[SourceQuality "1"]

1. e4 c6 2. d4 d5 3. e5 Bf5 4. g4 {This is by far the most aggressive approach
to the Caro-Kann Advance, and has led to many a tactical slugfest. The idea is
obviously to gain space and time over the bishop, as well as promote dangerous
options if the pawns start rolling forward on the kingside. Though of
questionable reputation, it is also a favorite of Shirov's.} Bd7 5. c4 e6 {
This line doesn't see much grandmaster play, and it is hardly surprising
considering the awkward bishop on d7 and the unattractive development problems
Black will need to solve.} 6. Nc3 c5 $3 $146 {[#]Astonishing really, and if
ever there was an opening novelty deserving of exclamation points, this is it.
It isn't so much that Black is winning (he is not), but what it does to the
evaluation of the position from both White's and Black's perspective. Instead
of the old quiet behind the lines fight expected from Black while White tried
to open lines and crack Black's position, now Black's pieces are about to take
a very serious life of their own while White's g4 pawn looks like a very
questionable weakness.} 7. cxd5 ({Though the engines don't condemn Shirov's
choice, they do have a slight preference for} 7. Nf3 {Still, the question
would remain: what the heck is that pawn doing on g4?}) 7... exd5 8. dxc5 Bxc5
{[#]} 9. Bg2 $6 {Shirov starts to go astray, but one cannot blame him for not
wanting to take on d5 and potentially go down in flames. Unfortunately for him,
that is exactly what happens.} (9. Qxd5 Qb6 10. Bc4 Be6 (10... Bxf2+ {is also
possible, but leads to nothing decisive after} 11. Ke2 Be6 12. Qb5+ Nc6 13.
Bxe6 fxe6 14. Nf3) 11. Bb5+ Nc6 12. Bxc6+ bxc6 13. Qf3 {protecting f2 and g4,
though Black's chances are to be preferred due to the slightly better
development and bishop pair.}) 9... Ne7 10. h3 Qb6 11. Qe2 O-O 12. Nf3 $2 {
A mistake that allows} d4 $1 {however the position was probably compromised as
it was.} 13. Ne4 Bb5 14. Qd2 Nbc6 {Threatening Bb4.} 15. a3 Ng6 16. b4 Be7 17.
Bb2 Rfd8 0-1